『タイムショック』パーフェクト達成者 - Statistics

General Stats
  • This quiz has been taken 4 times
  • The average score is 6 of 23
Answer Stats
Answer % Correct
クイズ女優 宮崎美子
100%
クイズ芸人 宇治原史規
75%
インテリ芸能人 やくみつる
75%
クイズ芸人(以下ザ・タイムショック時代) カズレーザー
75%
クイズ俳優(若) 載寧龍二
50%
インテリ芸能人 三浦奈保子
50%
コンビ芸人のツッコミ 上田晋也
25%
ベテラン俳優 高橋英樹
25%
クイズ俳優 辰巳琢郎
25%
インテリ芸能人 本村健太郎
25%
クイズ芸人 畠山健
25%
クイズ俳優 山西惇
25%
クイズ俳優 宮川一朗太
25%
インテリ芸能人 八田亜矢子
25%
中山&新山時代初達成者 山口良一
0%
フリーアナウンサーらしい 山中秀樹
0%
クイズ女優その2 麻木久仁子
0%
コンビ芸人のボケ 山根良顕
0%
クイズ芸人 ラサール石井
0%
コンビ芸人のボケ 中田敦彦
0%
アスリート 棚橋弘至
0%
インテリ芸能人 金田一央紀
0%
インテリ芸能人 松嶋桃
0%
No matching quizzes found
Score Distribution
Percent of People with Each Score
Percentile by Number Answered
Your Score History
You have not taken this quiz